| 000 | 00630nab a2200205 a 4500 | ||
|---|---|---|---|
| 005 | 20210219155509.0 | ||
| 008 | 991125s1985 mx 000 0 spa u | ||
| 035 | _aUPN01000146405 | ||
| 100 | 1 | _aPadilla González, Laura Elena | |
| 222 | _aREVISTA DE LA EDUCACION SUPERIOR | ||
| 245 | _aUna vista panorámica de la educación superior en los Estados Unidos | ||
| 260 | _aMéxico | ||
| 300 | _a157-167 | ||
| 362 | 0 | _a2001 Vol. 30, no. 118, abr.-jun. | |
| 653 | 0 | _aEDUCACION SUPERIOR | |
| 653 | 0 | _aESTADOS UNIDOS DE AMERICA | |
| 653 | 0 | _aFINANCIAMIENTO EDUCATIVO | |
| 653 | 0 | _aACCESO A LA EDUCACION | |
| 905 | _aArticulo | ||
| 999 |
_c118551 _d118551 |
||